000 00895cam a22002897a 4500
003 CHAP
005 20220329134753.0
008 120227s2005 us r 00110 eng d
010 _a25626
011 _a26598
020 _a9780471110187
035 _a30699
040 _cCHAP
082 0 0 _a628.162
_bM98 2005
110 0 _aMWH (Montgomery Watson Harza)
_979922
245 1 3 _aWater treatment :
_bprinciples and design
_c/por MWH (Montgomery Watson Harza)
250 _a2 ed.
260 _aE.U.A. :
_bWiley,
_cc2005
300 _axx, 1948 p.
_bilus.
590 _aBATCH-UPD
_b10
_c20130110
_lUCH01
_h2053
590 _aBATCH-UPD
_b10
_c20130410
_lUCH01
_h1406
590 _aCONVERSION
_b10
_c20130109
_lUCH01
_h1315
650 0 4 _aAgua
_xPurificacion.
_92397
901 _aBK
942 _cLIBRO
949 _a628.162 M98 2005
_bBC
_cLIBRO
_d33724002321553
_eLIBRO
_gI.260177
_h116319
_i30699
_sb
_t2,362.5
999 _c25626
_d25626